[Event "BRA CEAX op 4th"]
[Site "Cachoeiro de Itapemirim"]
[Date "2003.09.28"]
[Round "5"]
[White "Moulin, Fred A"]
[Black "Marriel, Marcos"]
[Result "1-0"]
[WhiteElo "1778"]
[BlackElo "1775"]
[PlyCount "23"]
[EventDate "2003.09.26"]
[EventType "swiss"]
[EventRounds "6"]
[EventCountry "BRA"]
[SourceTitle "EXT 2006"]
[Source "ChessBase"]
[SourceDate "2005.11.24"]
[SourceVersion "1"]
[SourceVersionDate "2005.11.24"]
[SourceQuality "1"]

1. e4 Nf6 2. Nc3 Nc6 3. Nf3 e6 4. Bb5 Bc5 5. 0-0 0-0 6. d4 Bb6 7. Bg5 a6 8. Bxc6 bxc6 9. e5 h6 10. exf6 hxg5 11. fxg7 Qf6 12. gxf8Q+ 1-0